000 00276nam a22001217a 4500
008 180802b xxu||||| |||| 00| 0 eng d
082 _a813.52
245 _aBusiness a Changing World
_cFerrell
260 _c2003
300 _a1
_fCD
440 _x0072515783
942 _2ddc
_cMX
999 _c46718
_d46718